| 000 | 00376cam a2200145ua 4500 | ||
|---|---|---|---|
| 041 |
_aeng _h |
||
| 082 |
_a670.423 _bKEL/WO |
||
| 100 | _aKelley, Earl C . | ||
| 245 |
_aWorkshop way of Learning / _cC Earl Kelley. _hTextual Documents |
||
| 260 |
_aNew York : _bHarper & Brothers Publishers , _c1984. |
||
| 300 | _a169 ; . | ||
| 504 | _a | ||
| 942 | _cBK | ||
| 999 |
_c3340 _d3340 |
||